000 00360 a2200109 4500
001 ART_12981
005 20260410161734.0
008 260409a
245 1 0 _aLa empresa Argentina y su nivel de competitividad global (2º Parte)
100 1 _aFaga, Héctor Alberto
773 0 _tEjecutivos de finanzas
_g- Año 8, Nº 75 (may. 1991)
_wREV2863
999 _c18169
_d18169